| 000 | 01227nam a2200205Ia 4500 | ||
|---|---|---|---|
| 999 |
_c36567 _d36567 |
||
| 001 | 2486 | ||
| 003 | GE_BSU | ||
| 005 | 20221229155640.0 | ||
| 008 | 181216s2010||||ge |||||||||||||| ||geo|| | ||
| 040 | _cGE_BSU | ||
| 041 | _ageo | ||
| 080 | _a338.48(075.8) ტ–92 | ||
| 245 |
_aტურიზმის საფუძვლები : _b(დამხმარე სასწავლო– მეთოდური სახელმძღვანელო / _cილია ჭავჭავაძის სახ უნ–ტი ბიზნესის და სამართლის ფაკ–უტი ტურიზმის მენეჯმენტის ცენტრი. |
||
| 245 | _b(დამხმარე სასწავლო– მეთოდური სახელმძღვანელო ილია ჭავჭავაძის სახ უნ–ტი ბიზნესის და სამართლის ფაკ–უტი ტურიზმის მენეჯმენტის ცენტრი | ||
| 264 | _c2010. | ||
| 300 | _a128 გვ. | ||
| 541 | _h8 ლ | ||
| 653 | _aტურიზმის საფუძვლები. | ||
| 942 |
_cBK _2udc |
||